000 00397nam a22001577a 4500
005 20200314113121.0
008 200314b xxu||||| |||| 00| 0 eng d
020 _a978-93-5140-535-1
041 _aeng
100 _aGUPTA, M. K.
_95151
245 _aGPAT- GRADUATE PHARMACY APTITUDE TEST
260 _aMEERUT
_bPRAGATI PRAKASHAN
300 _a960p;xxvi,
650 _aPHARMACY
_95152
942 _cBK
999 _c6082
_d6080